[Event "1. Bundesliga 2015/2016"]
[Site "Mattersburg"]
[Date "2015.11.06"]
[Round "2"]
[Board "4"]
[White "Hellmayr, Alois"]
[Black "Acs, Peter"]
[Result "0-1"]
[WhiteElo "2248"]
[BlackElo "2581"]
[PlyCount "106"]
[EventDate "2015.11.05"]
[EventType "team"]
[EventRounds "11"]
[EventCountry "AUT"]
[WhiteTeam "Spg Sauwald"]
[BlackTeam "Schachklub Sparkasse Jenbach"]

1.Nf3 Nf6 2.g3 d5 3.Bg2 c6 4.O-O Bg4 5.d3 e6 6.h3 Bh5 7.c4 Bd6 8.Nc3 O-O 9.cxd5 cxd5
10.Qb3 Nbd7 11.Be3 Qb8 12.Rac1 a6 13.a4 Bxf3 14.exf3 Ne5 15.Ne2 Nc6 16.f4 g6 17.Nd4
Rc8 18.Rc2 Ne7 19.Rfc1 Rxc2 20.Rxc2 Nd7 21.Nf3 Nc6 22.Nd4 Nb4 23.Rc3 Bf8 24.h4 Qd6
25.Nc2 a5 26.Nd4 Nc5 27.Qd1 Qd7 28.Nb5 b6 29.d4 Ne4 30.Rc7 Qd8 31.Qc1 Bd6 32.Nxd6
Nxd6 33.b3 Ne8 34.Rb7 Rc8 35.Qf1 Nd6 36.Ra7 Nc6 37.Ra6 Qc7 38.f5 Nb4 39.fxe6 Qb7 40.Bh3
Qxa6 41.exf7+ Kxf7 42.Qd1 Qd3 43.Qf3+ Nf5 44.g4 Rc1+ 45.Kh2 Qd1 46.Qxd1 Rxd1 47.gxf5
Rd3 48.fxg6+ hxg6 49.Kg3 Rxb3 50.Bd7 Ke7 51.Bb5 Nc2 52.Kf4 Nxe3 53.fxe3 Rxb5 0-1

[Event "1. Bundesliga 2015/2016"]
[Site "Mattersburg"]
[Date "2015.11.06"]
[Round "2"]
[Board "5"]
[White "Shengelia, David"]
[Black "Renner, Christoph"]
[Result "1-0"]
[WhiteElo "2566"]
[BlackElo "2326"]
[PlyCount "83"]
[EventDate "2015.11.05"]
[EventType "team"]
[EventRounds "11"]
[EventCountry "AUT"]
[WhiteTeam "Schachklub Sparkasse Jenbach"]
[BlackTeam "Spg Sauwald"]

1.Nf3 f5 2.g3 g6 3.c4 Bg7 4.Nc3 e5 5.h4 d6 6.d4 e4 7.Ng5 Nf6 8.Nd5 h6 9.Nh3 Be6 10.Qb3
b6 11.Nhf4 Bf7 12.Nxf6+ Bxf6 13.e3 g5 14.Nd5 Bg7 15.hxg5 hxg5 16.Rxh8+ Bxh8 17.g4
c6 18.Nc3 d5 19.gxf5 a6 20.cxd5 cxd5 21.Qa4+ Nd7 22.Qc6 Bg7 23.Bd2 Rc8 24.Qb7 Rc7
25.Qxa6 Kf8 26.Qb5 Nf6 27.Qxb6 Kg8 28.a4 Qc8 29.a5 Rc6 30.Qb5 Be8 31.Qb3 Qxf5 32.a6
Rc8 33.a7 Bc6 34.Qb8 Ba8 35.Rc1 Rf8 36.Nd1 Nd7 37.Qd6 g4 38.Rc7 Nf6 39.Qe5 Qg6 40.Bb4
Re8 41.Re7 Rd8 42.Qb8 1-0

[Event "1. Bundesliga 2015/2016"]
[Site "Mattersburg"]
[Date "2015.11.06"]
[Round "2"]
[Board "6"]
[White "Taggatz, Mario"]
[Black "Lehner, Oliver"]
[Result "0-1"]
[WhiteElo "2209"]
[BlackElo "2408"]
[PlyCount "118"]
[EventDate "2015.11.05"]
[EventType "team"]
[EventRounds "11"]
[EventCountry "AUT"]
[WhiteTeam "Spg Sauwald"]
[BlackTeam "Schachklub Sparkasse Jenbach"]

1.d4 Nf6 2.Nf3 e6 3.Bf4 c5 4.c3 Nc6 5.e3 d5 6.Nbd2 Bd6 7.Bxd6 Qxd6 8.Bb5 O-O 9.O-O
b6 10.Qe2 Bb7 11.Rad1 a6 12.Bd3 Rfe8 13.e4 Qf4 14.e5 Nd7 15.g3 Qh6 16.Qe3 Qxe3 17.fxe3
f6 18.exf6 Nxf6 19.e4 cxd4 20.Rde1 dxc3 21.bxc3 h6 22.e5 Nd7 23.Nb3 Rac8 24.Nbd4 Nc5
25.Bg6 Rf8 26.Rb1 b5 27.a4 Nxa4 28.Nxe6 Rxf3 29.Rxf3 Nxe5 30.Rbf1 Nxf3+ 31.Rxf3 Nc5
32.Nxc5 Rxc5 33.Re3 Rc8 34.Re7 Rb8 35.Re6 Rf8 36.Rd6 Rc8 37.Rd7 Bc6 38.Ra7 Ra8 39.Rc7
Be8 40.Bf5 Bf7 41.Bb1 g6 42.Ba2 Rd8 43.Rc6 a5 44.Rb6 b4 45.cxb4 axb4 46.Kf2 Kg7 47.Rxb4
Kf6 48.Rf4+ Ke6 49.Ke3 g5 50.Rf2 Bg6 51.Kd4 Be4 52.Rb2 h5 53.Rb6+ Kf5 54.h3 h4 55.gxh4
gxh4 56.Rb5 Kf4 57.Bxd5 Bf3 58.Ra5 Kg3 59.Kc4 Rxd5 0-1

[Event "1. Bundesliga 2015/2016"]
[Site "Mattersburg"]
[Date "2015.11.06"]
[Round "2"]
[Board "1"]
[White "Diermair, Andreas"]
[Black "Sutovsky, Emil"]
[Result "0-1"]
[WhiteElo "2478"]
[BlackElo "2622"]
[PlyCount "64"]
[EventDate "2015.11.05"]
[EventType "team"]
[EventRounds "11"]
[EventCountry "AUT"]
[WhiteTeam "SV Raika Rapid Feffernitz"]
[BlackTeam "Schachklub Absam"]

1.d4 Nf6 2.c4 e6 3.Nf3 b6 4.g3 Bb7 5.Bg2 Be7 6.O-O O-O 7.d5 exd5 8.Nh4 c6 9.cxd5 Nxd5
10.Nf5 Nc7 11.Nc3 d5 12.e4 Nba6 13.Bf4 Re8 14.Qg4 g6 15.Rad1 h5 16.Nxe7+ Qxe7 17.Qf3
Rad8 18.exd5 cxd5 19.h4 Ne6 20.Rfe1 Nb4 21.Be5 Nc2 22.Re2 d4 23.Qf6 Qxf6 24.Bxf6 dxc3
25.Rxd8 Rxd8 26.Rxc2 Rd1+ 27.Kh2 Rd2 28.Bxb7 Rxc2 29.Bxc3 Nc5 30.Bd5 Rxf2+ 31.Kg1
Rc2 32.Kf1 Na4 0-1

[Event "1. Bundesliga 2015/2016"]
[Site "Mattersburg"]
[Date "2015.11.06"]
[Round "2"]
[Board "2"]
[White "Luther, Thomas"]
[Black "Schreiner, Peter"]
[Result "1/2-1/2"]
[WhiteElo "2558"]
[BlackElo "2461"]
[PlyCount "74"]
[EventDate "2015.11.05"]
[EventType "team"]
[EventRounds "11"]
[EventCountry "AUT"]
[WhiteTeam "Schachklub Absam"]
[BlackTeam "SV Raika Rapid Feffernitz"]

1.e4 e5 2.Nf3 Nc6 3.Bb5 Nf6 4.O-O Nxe4 5.d4 Nd6 6.Bxc6 dxc6 7.dxe5 Nf5 8.Qxd8+ Kxd8
9.Rd1+ Ke8 10.Nc3 h6 11.h3 a5 12.Bf4 Be6 13.g4 Ne7 14.Nd4 Nd5 15.Nce2 Bc5 16.Nxe6
fxe6 17.c4 Nb6 18.b3 a4 19.Bg3 Kf7 20.Rac1 Rhd8 21.Nc3 Rxd1+ 22.Rxd1 axb3 23.axb3
Ra3 24.Ne4 Be7 25.Rb1 Nd7 26.f4 Ra2 27.Bf2 Re2 28.Re1 Rb2 29.Rd1 Ke8 30.Ra1 Rxb3 31.Ra8+
Kf7 32.Rc8 g5 33.Rxc7 Ke8 34.Rc8+ Kf7 35.Rc7 Ke8 36.Rc8+ Kf7 37.Rc7 Ke8 1/2-1/2

[Event "1. Bundesliga 2015/2016"]
[Site "Mattersburg"]
[Date "2015.11.06"]
[Round "2"]
[Board "3"]
[White "Fauland, Alexander"]
[Black "Bayer, Bernhard"]
[Result "1-0"]
[WhiteElo "2431"]
[BlackElo "2429"]
[PlyCount "53"]
[EventDate "2015.11.05"]
[EventType "team"]
[EventRounds "11"]
[EventCountry "AUT"]
[WhiteTeam "SV Raika Rapid Feffernitz"]
[BlackTeam "Schachklub Absam"]

1.Nf3 Nf6 2.b3 c5 3.Bb2 e6 4.e3 Be7 5.d4 b6 6.Bd3 Bb7 7.Nbd2 Nc6 8.a3 O-O 9.O-O Qc7
10.c4 d5 11.dxc5 bxc5 12.Qc2 h6 13.Rac1 Nd7 14.Rfd1 Rfd8 15.cxd5 exd5 16.Bh7+ Kh8
17.Bf5 a5 18.Bxd7 Rxd7 19.Qf5 Rad8 20.b4 axb4 21.axb4 Nxb4 22.Ne5 Bf6 23.Rxc5 Qxc5
24.Nxd7 Bc8 25.Qxf6 gxf6 26.Bxf6+ Kh7 27.Nxc5 1-0

[Event "1. Bundesliga 2015/2016"]
[Site "Mattersburg"]
[Date "2015.11.06"]
[Round "2"]
[Board "4"]
[White "Dizdar, Goran"]
[Black "Petschar, Kurt"]
[Result "1-0"]
[WhiteElo "2512"]
[BlackElo "2274"]
[PlyCount "111"]
[EventDate "2015.11.05"]
[EventType "team"]
[EventRounds "11"]
[EventCountry "AUT"]
[WhiteTeam "Schachklub Absam"]
[BlackTeam "SV Raika Rapid Feffernitz"]

1.d4 Nf6 2.c4 e6 3.Nc3 Bb4 4.e3 O-O 5.Nge2 d5 6.a3 Be7 7.cxd5 exd5 8.Nf4 c6 9.Bd3
Bd6 10.O-O Re8 11.f3 Bxf4 12.exf4 b6 13.f5 Ba6 14.Bxa6 Nxa6 15.Qa4 Nb8 16.Bg5 Qd6
17.Bh4 b5 18.Qc2 Nbd7 19.Bf2 Rac8 20.Ne2 Nb6 21.b3 a5 22.Nc3 h6 23.a4 b4 24.Ne2 Nbd7
25.Rac1 Nh7 26.Rfe1 Nhf6 27.Qd2 c5 28.dxc5 Nxc5 29.Nd4 Rxe1+ 30.Rxe1 Ncd7 31.Nb5 Qc6
32.Rd1 Qc2 33.Qxc2 Rxc2 34.Nd4 Rc3 35.Be1 Rc8 36.Bg3 Rc3 37.Be1 Rc8 38.Bd2 Kf8 39.Bf4
Rc3 40.Bd2 Rc8 41.Kf1 Ne5 42.Bf4 Ned7 43.Ke2 Ne8 44.Kd2 Ke7 45.Re1+ Kd8 46.g4 Ndf6
47.h4 Kd7 48.g5 hxg5 49.hxg5 Ng8 50.g6 fxg6 51.fxg6 Ne7 52.Re6 Nf5 53.Rxe8 Rxe8 54.Nxf5
Rf8 55.Nxg7 Rxf4 56.Nh5 1-0

[Event "1. Bundesliga 2015/2016"]
[Site "Mattersburg"]
[Date "2015.11.06"]
[Round "2"]
[Board "5"]
[White "Kavcic, Zan"]
[Black "Rotstein, Arkadij"]
[Result "0-1"]
[WhiteElo "2319"]
[BlackElo "2513"]
[PlyCount "42"]
[EventDate "2015.11.05"]
[EventType "team"]
[EventRounds "11"]
[EventCountry "AUT"]
[WhiteTeam "SV Raika Rapid Feffernitz"]
[BlackTeam "Schachklub Absam"]

1.e4 g6 2.d4 Bg7 3.Nc3 d6 4.f4 a6 5.Nf3 b5 6.Bd3 Nd7 7.a4 b4 8.Ne2 e6 9.f5 exf5 10.exf5
Ne7 11.O-O Nf6 12.Ng3 O-O 13.fxg6 fxg6 14.c4 Bg4 15.Be3 Qd7 16.h3 Bxh3 17.gxh3 Qxh3
18.Nh1 Ng4 19.Qe2 Nf5 20.Bxf5 Rxf5 21.Rae1 Re8 0-1

[Event "1. Bundesliga 2015/2016"]
[Site "Mattersburg"]
[Date "2015.11.06"]
[Round "2"]
[Board "6"]
[White "Wegerle, Joerg"]
[Black "Hofer, Christian"]
[Result "1-0"]
[WhiteElo "2444"]
[BlackElo "1968"]
[PlyCount "75"]
[EventDate "2015.11.05"]
[EventType "team"]
[EventRounds "11"]
[EventCountry "AUT"]
[WhiteTeam "Schachklub Absam"]
[BlackTeam "SV Raika Rapid Feffernitz"]

1.d4 Nf6 2.Nf3 g6 3.Nc3 d5 4.Bf4 Bg7 5.e3 c6 6.Be2 Nbd7 7.Ne5 Qb6 8.Rb1 Ne4 9.Nxd7
Bxd7 10.Nxe4 dxe4 11.O-O c5 12.c3 Rd8 13.Qb3 Qxb3 14.axb3 Be6 15.Bb5+ Kf8 16.Bc4 Bxc4
17.bxc4 f5 18.f3 exf3 19.Rxf3 Kf7 20.Ra1 a6 21.d5 Rd7 22.Bg5 h6 23.Bh4 g5 24.Bf2 Kg6
25.e4 fxe4 26.Re3 Be5 27.Rxe4 Bd6 28.Re6+ Kh7 29.Be3 Rdd8 30.b4 cxb4 31.c5 bxc3 32.cxd6
Rxd6 33.Rxe7+ Kg6 34.Rxb7 Rc8 35.Rb6 Rxb6 36.Bxb6 Kf5 37.d6 c2 38.Rc1 1-0

[Event "1. Bundesliga 2015/2016"]
[Site "Mattersburg"]
[Date "2015.11.06"]
[Round "2"]
[Board "1"]
[White "Haba, Petr"]
[Black "Antoniewski, Rafal"]
[Result "0-1"]
[WhiteElo "2481"]
[BlackElo "2533"]
[PlyCount "128"]
[EventDate "2015.11.05"]
[EventType "team"]
[EventRounds "11"]
[EventCountry "AUT"]
[WhiteTeam "Spk. Grieskirchen/Bad Schallerbach"]
[BlackTeam "SV Jacques Lemans St. Veit"]

1.e4 c5 2.Nf3 Nc6 3.d4 cxd4 4.Nxd4 Qc7 5.Nc3 e6 6.Be2 Nf6 7.O-O Be7 8.Be3 O-O 9.f4
d6 10.Ndb5 Qb8 11.Kh1 b6 12.Bf3 Bb7 13.Qe1 a6 14.Nd4 Nd7 15.Rd1 Qc7 16.Qg3 Nxd4 17.Bxd4
e5 18.Be3 exf4 19.Bxf4 Ne5 20.Be2 b5 21.a3 Rad8 22.Bh6 Ng6 23.Be3 Bh4 24.Qh3 Qe7 25.Bb6
Rb8 26.Qd3 Bxe4 27.Qxe4 Rxb6 28.Qd4 Rbb8 29.Qxd6 Qa7 30.Nd5 a5 31.Bg4 Rfd8 32.Qc7
Qxc7 33.Nxc7 Ne5 34.Bh3 Nc4 35.g3 Bf6 36.Nd5 Bxb2 37.Ne7+ Kf8 38.Nc6 Rxd1 39.Rxd1
Re8 40.Bd7 Re3 41.Na7 Nxa3 42.Nxb5 Nc4 43.Nc7 Be5 44.Nd5 Ra3 45.Bb5 Nd6 46.Bd3 Ra1
47.Rxa1 Bxa1 48.Nb6 Nb7 49.Na4 Bd4 50.Kg2 h5 51.Kf3 Nd6 52.c4 Ke7 53.h3 Ke6 54.g4
hxg4+ 55.hxg4 Ke5 56.g5 Ne8 57.Be4 Nc7 58.Bc6 Ne6 59.Kg4 Be3 60.g6 f5+ 61.Kg3 Bd4
62.Be8 Ke4 63.Bc6+ Ke3 64.Bd7 f4+ 0-1

[Event "1. Bundesliga 2015/2016"]
[Site "Mattersburg"]
[Date "2015.11.06"]
[Round "2"]
[Board "2"]
[White "Bosiocic, Marin"]
[Black "Kilgus, Georg"]
[Result "1-0"]
[WhiteElo "2564"]
[BlackElo "2410"]
[PlyCount "56"]
[EventDate "2015.11.05"]
[EventType "team"]
[EventRounds "11"]
[EventCountry "AUT"]
[WhiteTeam "SV Jacques Lemans St. Veit"]
[BlackTeam "Spk. Grieskirchen/Bad Schallerbach"]

1.d4 Nf6 2.c4 e6 3.Nc3 Bb4 4.e3 O-O 5.Bd3 d5 6.Nf3 c5 7.O-O cxd4 8.exd4 dxc4 9.Bxc4
b6 10.Bg5 Bb7 11.Qe2 h6 12.d5 Bxc3 13.dxe6 fxe6 14.bxc3 Bd5 15.Bxf6 Rxf6 16.Nd4 Qd7
17.Rfe1 Nc6 18.Nxe6 Bxc4 19.Qxc4 Na5 20.Qd4 Qf7 21.Nd8 Qc4 22.Re8+ Rf8 23.Rxf8+ Kxf8
24.Qd7 Kg8 25.Re1 Qxc3 26.Re8+ Kh7 27.Qf5+ g6 28.Re7+ Kh8 1-0

[Event "1. Bundesliga 2015/2016"]
[Site "Mattersburg"]
[Date "2015.11.06"]
[Round "2"]
[Board "3"]
[White "Schwabeneder, Florian"]
[Black "Rogic, Davor"]
[Result "1-0"]
[WhiteElo "2371"]
[BlackElo "2532"]
[PlyCount "93"]
[EventDate "2015.11.05"]
[EventType "team"]
[EventRounds "11"]
[EventCountry "AUT"]
[WhiteTeam "Spk. Grieskirchen/Bad Schallerbach"]
[BlackTeam "SV Jacques Lemans St. Veit"]

1.e4 e5 2.Nf3 Nc6 3.Bb5 a6 4.Ba4 Nf6 5.O-O Be7 6.Re1 b5 7.Bb3 d6 8.a4 b4 9.d4 Bg4
10.dxe5 Nxe5 11.Nbd2 O-O 12.h3 Bh5 13.g4 Bg6 14.Nh4 Nfd7 15.Ng2 h6 16.f4 Nc6 17.Bd5
Ndb8 18.Nf3 a5 19.h4 Kh8 20.f5 Bh7 21.g5 Ra6 22.gxh6 g6 23.Ng5 Ne5 24.fxg6 Bxg6 25.Rf1
Nbd7 26.Qe2 Rb6 27.Nf4 Bh7 28.Nh5 Bg6 29.Nf4 Bh7 30.Nh5 Bg6 31.Ng7 Nf6 32.Be3 c6 33.Bb3
c5 34.Rad1 Rc6 35.Bd5 Rc8 36.Bf4 Nfg4 37.Nf5 Rc7 38.Kh1 Qc8 39.Bg3 Qd8 40.Bf4 Qe8
41.Rg1 f6 42.Ng7 Qc8 43.N5e6 f5 44.Nxf8 Bxf8 45.exf5 Bxf5 46.Nxf5 Qxf5 47.Bxe5+ 1-0

[Event "1. Bundesliga 2015/2016"]
[Site "Mattersburg"]
[Date "2015.11.06"]
[Round "2"]
[Board "4"]
[White "Koop, Thorben"]
[Black "Singer, Christoph"]
[Result "1-0"]
[WhiteElo "2423"]
[BlackElo "2311"]
[PlyCount "69"]
[EventDate "2015.11.05"]
[EventType "team"]
[EventRounds "11"]
[EventCountry "AUT"]
[WhiteTeam "SV Jacques Lemans St. Veit"]
[BlackTeam "Spk. Grieskirchen/Bad Schallerbach"]

1.Nf3 d5 2.g3 Bg4 3.Bg2 Nd7 4.h3 Bxf3 5.Bxf3 c6 6.d3 Ngf6 7.O-O e5 8.c4 dxc4 9.dxc4
Bc5 10.Qc2 O-O 11.a3 a5 12.Nc3 Qe7 13.b3 Rfe8 14.Bb2 Rad8 15.Bg2 e4 16.Rfd1 Ba7 17.b4
e3 18.f4 Nh5 19.Ne4 Ndf6 20.Nxf6+ Nxf6 21.c5 Nh5 22.Qf5 g6 23.Qg4 Rd2 24.Bc3 Rxd1+
25.Rxd1 Rd8 26.Rxd8+ Qxd8 27.Qf3 Qd1+ 28.Kh2 Qc1 29.Bd4 Qxa3 30.Qe4 Kf8 31.Qe5 Qxb4
32.g4 Nxf4 33.Qxf4 Bxc5 34.Qb8+ Ke7 35.Qe5+ 1-0

[Event "1. Bundesliga 2015/2016"]
[Site "Mattersburg"]
[Date "2015.11.06"]
[Round "2"]
[Board "5"]
[White "Lentrodt, Thomas"]
[Black "Gutman, Lev"]
[Result "1/2-1/2"]
[WhiteElo "2263"]
[BlackElo "2432"]
[PlyCount "92"]
[EventDate "2015.11.05"]
[EventType "team"]
[EventRounds "11"]
[EventCountry "AUT"]
[WhiteTeam "Spk. Grieskirchen/Bad Schallerbach"]
[BlackTeam "SV Jacques Lemans St. Veit"]

1.Nf3 Nf6 2.c4 g6 3.Nc3 Bg7 4.e4 O-O 5.d4 a6 6.Be2 c6 7.O-O b5 8.e5 Ne8 9.b3 d6 10.Bf4
f6 11.exd6 exd6 12.h3 b4 13.Na4 Nd7 14.Qd2 a5 15.a3 bxa3 16.Rxa3 f5 17.Bh6 Ndf6 18.Bxg7
Ne4 19.Qc2 Nxg7 20.Bd3 Ng5 21.Nxg5 Qxg5 22.f4 Qf6 23.d5 Qd4+ 24.Kh2 cxd5 25.cxd5 Bb7
26.Bc4 Nh5 27.Qf2 Qg7 28.Nb6 Rae8 29.Rxa5 Re4 30.Qd2 g5 31.Bd3 Rxf4 32.Nc4 Qd4 33.Be2
Qxd2 34.Nxd2 Rxf1 35.Nxf1 Nf6 36.Bc4 f4 37.Nd2 h6 38.Rb5 Ba8 39.Rb6 Rd8 40.Rb5 Kf7
41.Nf3 Nd7 42.Nd4 Kf6 43.Ra5 Nb6 44.Rb5 Nd7 45.Ra5 Nb6 46.Rb5 Nd7 1/2-1/2

[Event "1. Bundesliga 2015/2016"]
[Site "Mattersburg"]
[Date "2015.11.06"]
[Round "2"]
[Board "6"]
[White "Mazi, Leon"]
[Black "Schwabeneder, Alois"]
[Result "1-0"]
[WhiteElo "2386"]
[BlackElo "1995"]
[PlyCount "81"]
[EventDate "2015.11.05"]
[EventType "team"]
[EventRounds "11"]
[EventCountry "AUT"]
[WhiteTeam "SV Jacques Lemans St. Veit"]
[BlackTeam "Spk. Grieskirchen/Bad Schallerbach"]

1.e4 c6 2.d4 d5 3.Nc3 dxe4 4.Nxe4 Bf5 5.Ng3 Bg6 6.Nh3 e6 7.Nf4 Bd6 8.h4 Qc7 9.Nxg6
hxg6 10.Ne4 Bf4 11.Bxf4 Qxf4 12.Ng5 Nf6 13.g3 Qd6 14.c3 Qd5 15.Rg1 Nbd7 16.Bg2 Qa5
17.Qb3 O-O 18.O-O-O c5 19.Kb1 Rab8 20.dxc5 Nxc5 21.Qc2 Qc7 22.Rh1 Qe5 23.Rhe1 Qc7
24.Rh1 Qe5 25.Rhe1 Qc7 26.Bf3 b5 27.Rd2 Rfc8 28.h5 gxh5 29.Bxh5 g6 30.Bf3 Qe7 31.Rd4
Kg7 32.Qd2 Ncd7 33.Bd1 Nb6 34.f4 Nc4 35.Qd3 Qb7 36.Bc2 e5 37.fxe5 Nh5 38.Bb3 Qe7 39.Nh3
Nxe5 40.Qe3 f6 41.g4 1-0

[Event "1. Bundesliga 2015/2016"]
[Site "Mattersburg"]
[Date "2015.11.06"]
[Round "2"]
[Board "1"]
[White "Bindrich, Falko"]
[Black "Bromberger, Stefan"]
[Result "1/2-1/2"]
[WhiteElo "2574"]
[BlackElo "2531"]
[PlyCount "90"]
[EventDate "2015.11.05"]
[EventType "team"]
[EventRounds "11"]
[EventCountry "AUT"]
[WhiteTeam "SK Hohenems"]
[BlackTeam "SIR Royal Salzburg"]

1.d4 d5 2.c4 dxc4 3.Nf3 a6 4.e3 b5 5.a4 Bb7 6.b3 Nf6 7.bxc4 bxc4 8.Bxc4 e6 9.Nc3 Bb4
10.Qb3 c5 11.Ba3 Bxf3 12.gxf3 Bxa3 13.Qxa3 cxd4 14.exd4 Nc6 15.Ne2 Ne7 16.O-O O-O
17.a5 Nf5 18.Rfd1 Nh4 19.Rac1 Ra7 20.f4 Qa8 21.Qh3 Nf3+ 22.Kh1 Rc7 23.Qg2 Ne4 24.d5
Ned2 25.Ba2 Rxc1 26.Rxc1 exd5 27.f5 Qd8 28.Ng1 Qxa5 29.Nxf3 Qxa2 30.Rg1 g6 31.Ng5
Ne4 32.Nxe4 dxe4 33.Qxe4 Qb2 34.h4 Rd8 35.h5 Qd4 36.f3 Qxe4 37.fxe4 Kg7 38.hxg6 hxg6
39.fxg6 fxg6 40.Ra1 Rd6 41.Ra5 Kf7 42.Kg2 Ke6 43.Kf3 Rc6 44.Ke3 Kd6 45.Kd4 Ke6 1/2-1/2

[Event "1. Bundesliga 2015/2016"]
[Site "Mattersburg"]
[Date "2015.11.06"]
[Round "2"]
[Board "2"]
[White "Mons, Leon"]
[Black "Rozentalis, Eduardas"]
[Result "0-1"]
[WhiteElo "2461"]
[BlackElo "2584"]
[PlyCount "118"]
[EventDate "2015.11.05"]
[EventType "team"]
[EventRounds "11"]
[EventCountry "AUT"]
[WhiteTeam "SIR Royal Salzburg"]
[BlackTeam "SK Hohenems"]

1.e4 c6 2.Nf3 d5 3.Nc3 Bg4 4.h3 Bxf3 5.Qxf3 e6 6.d4 dxe4 7.Qxe4 Nf6 8.Qd3 Na6 9.a3
Be7 10.Be2 O-O 11.O-O c5 12.Be3 Rc8 13.dxc5 Qxd3 14.Bxd3 Nxc5 15.Be2 a6 16.Rfd1 b5
17.Bf3 h6 18.Rd2 g5 19.Rad1 Rc7 20.Bd4 Ncd7 21.Na2 a5 22.Nc3 Rb8 23.Ne4 Nxe4 24.Bxe4
b4 25.axb4 Bxb4 26.c3 Bc5 27.Ra1 Bxd4 28.cxd4 Nf6 29.Bf3 Rb5 30.Re1 Kg7 31.g3 a4 32.Kg2
Rb4 33.Re3 Rd7 34.Red3 Rd6 35.Kf1 h5 36.Ke2 Rdb6 37.Ra3 h4 38.gxh4 gxh4 39.Ke3 Kg6
40.Rc2 Rd6 41.Rd3 Nd5+ 42.Bxd5 Rxd5 43.Rcd2 f5 44.Ra3 Kg5 45.Rd1 Kf6 46.Rdd3 Rdb5
47.Ra2 Kg5 48.Ra1 f4+ 49.Ke4 Rxb2 50.Rg1+ Kf6 51.Rf3 e5 52.Rc3 Re2+ 53.Kd3 Rxf2 54.dxe5+
Rxe5 55.Rc6+ Kf5 56.Rh6 Re3+ 57.Kd4 Rd2+ 58.Kc4 Rxh3 59.Rh5+ Ke4 0-1

[Event "1. Bundesliga 2015/2016"]
[Site "Mattersburg"]
[Date "2015.11.06"]
[Round "2"]
[Board "3"]
[White "Martinovic, Sasa"]
[Black "Prusikin, Michael"]
[Result "1-0"]
[WhiteElo "2539"]
[BlackElo "2523"]
[PlyCount "27"]
[EventDate "2015.11.05"]
[EventType "team"]
[EventRounds "11"]
[EventCountry "AUT"]
[WhiteTeam "SK Hohenems"]
[BlackTeam "SIR Royal Salzburg"]

1.Nf3 Nf6 2.g3 d5 3.Bg2 c6 4.d3 Bf5 5.Nh4 Bg6 6.Nxg6 hxg6 7.O-O Nbd7 8.c4 dxc4 9.dxc4
Qa5 10.Nc3 Nb6 11.Qb3 Ng4 12.Ne4 Nxh2 13.Rd1 Qa4 14.Nc5 1-0

[Event "1. Bundesliga 2015/2016"]
[Site "Mattersburg"]
[Date "2015.11.06"]
[Round "2"]
[Board "4"]
[White "Seyb, Alexander"]
[Black "Atlas, Valery"]
[Result "1/2-1/2"]
[WhiteElo "2417"]
[BlackElo "2453"]
[PlyCount "42"]
[EventDate "2015.11.05"]
[EventType "team"]
[EventRounds "11"]
[EventCountry "AUT"]
[WhiteTeam "SIR Royal Salzburg"]
[BlackTeam "SK Hohenems"]

1.e4 c5 2.Nf3 e6 3.d4 cxd4 4.Nxd4 Nf6 5.Nc3 d6 6.Be3 Be7 7.f3 Nc6 8.Qd2 O-O 9.O-O-O
d5 10.Be2 a6 11.Kb1 Qc7 12.Nb3 Rd8 13.Qe1 b5 14.exd5 Nxd5 15.Nxd5 Rxd5 16.Rxd5 exd5
17.Qd2 Bf5 18.Bf4 Qb6 19.Be3 Qc7 20.Bf4 Qb6 21.Be3 Qc7 1/2-1/2

[Event "1. Bundesliga 2015/2016"]
[Site "Mattersburg"]
[Date "2015.11.06"]
[Round "2"]
[Board "5"]
[White "Froewis, Georg"]
[Black "Schramm, Christian"]
[Result "1/2-1/2"]
[WhiteElo "2452"]
[BlackElo "2390"]
[PlyCount "95"]
[EventDate "2015.11.05"]
[EventType "team"]
[EventRounds "11"]
[EventCountry "AUT"]
[WhiteTeam "SK Hohenems"]
[BlackTeam "SIR Royal Salzburg"]

1.Nf3 d5 2.g3 Bg4 3.Bg2 Nd7 4.h3 Bxf3 5.Bxf3 Ngf6 6.d4 e6 7.c4 c6 8.O-O Bd6 9.Nd2
O-O 10.e4 dxe4 11.Nxe4 Nxe4 12.Bxe4 Nf6 13.Bg2 Qe7 14.Qb3 Rab8 15.Be3 Rfd8 16.Rfe1
Qd7 17.Rad1 b5 18.d5 exd5 19.cxd5 c5 20.Qc2 Re8 21.Bxc5 Rxe1+ 22.Rxe1 Rc8 23.b4 Qc7
24.Rc1 Nd7 25.Qf5 g6 26.Qf3 Nxc5 27.bxc5 Bxc5 28.Kh2 Qd6 29.Bf1 a6 30.h4 Re8 31.Kg2
Re5 32.Bd3 Rxd5 33.Rd1 Rd4 34.Bc2 Rxd1 35.Bxd1 Kg7 36.Bb3 Qf6 37.Qxf6+ Kxf6 38.f4
Ke7 39.Kf3 f6 40.g4 Ba3 41.g5 f5 42.h5 gxh5 43.Bc2 Kf7 44.Bxf5 Kg7 45.Bd3 Bc1 46.a4
bxa4 47.Bxa6 a3 48.Bc4 1/2-1/2

[Event "1. Bundesliga 2015/2016"]
[Site "Mattersburg"]
[Date "2015.11.06"]
[Round "2"]
[Board "6"]
[White "Hilverda, Alexander"]
[Black "Baldauf, Marco"]
[Result "1-0"]
[WhiteElo "2378"]
[BlackElo "2413"]
[PlyCount "75"]
[EventDate "2015.11.05"]
[EventType "team"]
[EventRounds "11"]
[EventCountry "AUT"]
[WhiteTeam "SIR Royal Salzburg"]
[BlackTeam "SK Hohenems"]

1.d4 Nf6 2.c4 g6 3.Nc3 d5 4.cxd5 Nxd5 5.e4 Nxc3 6.bxc3 Bg7 7.Be3 c5 8.Nf3 Qa5 9.Qd2
O-O 10.Rb1 a6 11.Rc1 Rd8 12.Be2 Nc6 13.d5 e6 14.Bg5 f6 15.Bf4 Qa4 16.c4 exd5 17.exd5
Bg4 18.O-O Bxf3 19.Bxf3 Nd4 20.Be4 Re8 21.Rfe1 f5 22.Bd3 Rxe1+ 23.Rxe1 Re8 24.Re3
Kf7 25.h4 Qd7 26.Qa5 Rc8 27.Qb6 Bf8 28.Re1 Be7 29.Rb1 Bxh4 30.Qxb7 Qxb7 31.Rxb7+ Ke8
32.Be5 Rd8 33.Rxh7 Be7 34.Rg7 g5 35.Rg6 Rd7 36.Rxa6 Rb7 37.d6 Bd8 38.Bxd4 1-0

[Event "1. Bundesliga 2015/2016"]
[Site "Mattersburg"]
[Date "2015.11.07"]
[Round "3"]
[Board "2"]
[White "Maksimenko, Andrei"]
[Black "Mons, Leon"]
[Result "1/2-1/2"]
[WhiteElo "2478"]
[BlackElo "2461"]
[PlyCount "94"]
[EventDate "2015.11.05"]
[EventType "team"]
[EventRounds "11"]
[EventCountry "AUT"]
[WhiteTeam "ASVOE Wulkaprodersdorf"]
[BlackTeam "SIR Royal Salzburg"]

1.Nf3 Nf6 2.c4 b6 3.g3 Bb7 4.Bg2 g6 5.b3 Bg7 6.Bb2 O-O 7.O-O d6 8.d4 Nbd7 9.Qc2 Be4
10.Qd2 Bb7 11.Qc2 Be4 12.Qd2 Bb7 13.Qd3 Be4 14.Qe3 Bb7 15.Nc3 e6 16.Rfd1 Re8 17.Rac1
a6 18.Qd3 d5 19.Ne5 Rc8 20.e3 Qe7 21.Qe2 Red8 22.Rc2 Qe8 23.Rcc1 Ne4 24.Nxe4 dxe4
25.Nxd7 Qxd7 26.a4 f5 27.a5 b5 28.Ba3 bxc4 29.bxc4 Bc6 30.Rb1 Rb8 31.Qa2 Qe8 32.Rxb8
Rxb8 33.Bf1 Qc8 34.Rb1 Kf7 35.d5 Rxb1 36.dxe6+ Kxe6 37.Qxb1 Qb7 38.Qd1 Bf6 39.g4 Qc8
40.Bh3 Qd7 41.gxf5+ gxf5 42.Qh5 Qg7+ 43.Kh1 Qg6 44.Qd1 Qh6 45.Bg2 Qh4 46.Kg1 Be5 47.h3
Qg5 1/2-1/2

[Event "1. Bundesliga 2015/2016"]
[Site "Mattersburg"]
[Date "2015.11.07"]
[Round "3"]
[Board "3"]
[White "Prusikin, Michael"]
[Black "Thiede, Lars"]
[Result "1/2-1/2"]
[WhiteElo "2523"]
[BlackElo "2420"]
[PlyCount "60"]
[EventDate "2015.11.05"]
[EventType "team"]
[EventRounds "11"]
[EventCountry "AUT"]
[WhiteTeam "SIR Royal Salzburg"]
[BlackTeam "ASVOE Wulkaprodersdorf"]

1.d4 g6 2.c4 Bg7 3.Nc3 Nf6 4.e4 d6 5.Nf3 O-O 6.Be2 e5 7.d5 a5 8.Bg5 h6 9.Bh4 Na6 10.Nd2
Nc5 11.O-O Bd7 12.b3 Qe8 13.a3 Nh7 14.f3 Bf6 15.Bxf6 Nxf6 16.Qc2 Na6 17.Rab1 c5 18.f4
exf4 19.Rxf4 Qe7 20.Rbf1 Nh7 21.Bg4 Nb8 22.Nb5 Bxg4 23.Rxg4 Nd7 24.Nf3 Ne5 25.Nxe5
Qxe5 26.Qc1 h5 27.Rgf4 Rad8 28.Kh1 Rd7 29.h3 b6 30.Qc3 Qxc3 1/2-1/2